000 00644 a2200193 4500
999 _c182907
_d182907
005 20211209144516.0
010 _aENG-130255
020 _c2574.30
_a978-93-80077-17-8
035 _aEN-113787
037 _bDBAD / PUB
082 _a297.4092
245 _aShams-e-Tabrizi:
_cTranslated by Farida Maleki
250 _a2011
260 _aNew Delhi
_bG.P.S. Bhalla, Secreatary, Science Of The Soul Research Centre
_c2011
270 _aC/O Radha Soami Satsang Beas, 5 Guru Ravi Dass Marg, Pusa Road
_bNew Delhi
_e110005
300 _a353p.
_c23cm (hbk)
700 _aFarida Maleki
942 _adpl
_cEN
_2ddc
_h297.4092
_mSHA